<?xml version="1.0" encoding="UTF-8"?>
<record
    xmlns:xsi="http://www.w3.org/2001/XMLSchema-instance"
    xsi:schemaLocation="http://www.loc.gov/MARC21/slim http://www.loc.gov/standards/marcxml/schema/MARC21slim.xsd"
    xmlns="http://www.loc.gov/MARC21/slim">

  <leader>02182cam a22003257a 4500</leader>
  <controlfield tag="001">4191</controlfield>
  <controlfield tag="003">FISKH</controlfield>
  <controlfield tag="005">20240626134038.0</controlfield>
  <controlfield tag="008">031121s2003    oncab  j      001 0 eng  </controlfield>
  <datafield tag="010" ind1=" " ind2=" ">
    <subfield code="a">  2003283604</subfield>
  </datafield>
  <datafield tag="016" ind1=" " ind2=" ">
    <subfield code="a">20029052726</subfield>
  </datafield>
  <datafield tag="020" ind1=" " ind2=" ">
    <subfield code="a">1552977250 (pbk.)</subfield>
  </datafield>
  <datafield tag="020" ind1=" " ind2=" ">
    <subfield code="a">9781552977255</subfield>
  </datafield>
  <datafield tag="020" ind1=" " ind2=" ">
    <subfield code="a">1552977277 (bound)</subfield>
  </datafield>
  <datafield tag="035" ind1=" " ind2=" ">
    <subfield code="a">(OCoLC)ocm50898507</subfield>
  </datafield>
  <datafield tag="040" ind1=" " ind2=" ">
    <subfield code="a">NLC</subfield>
    <subfield code="b">eng</subfield>
    <subfield code="c">NLC</subfield>
    <subfield code="d">OCLCQ</subfield>
    <subfield code="d">MUS</subfield>
    <subfield code="d">DLC</subfield>
  </datafield>
  <datafield tag="042" ind1=" " ind2=" ">
    <subfield code="a">lccopycat</subfield>
  </datafield>
  <datafield tag="050" ind1=" " ind2=" ">
    <subfield code="a">QH367.1 </subfield>
  </datafield>
  <datafield tag="082" ind1=" " ind2=" ">
    <subfield code="a">576.8 </subfield>
  </datafield>
  <datafield tag="100" ind1="1" ind2=" ">
    <subfield code="a">Pye, Claire.</subfield>
  </datafield>
  <datafield tag="245" ind1="1" ind2="4">
    <subfield code="a">The wild world of the future /</subfield>
    <subfield code="c">Claire Pye</subfield>
  </datafield>
  <datafield tag="260" ind1=" " ind2=" ">
    <subfield code="a">Toronto :</subfield>
    <subfield code="b">Firefly Books,</subfield>
    <subfield code="c">2003.</subfield>
  </datafield>
  <datafield tag="300" ind1=" " ind2=" ">
    <subfield code="a">96 pages : </subfield>
    <subfield code="b">color illustrations ; map ; </subfield>
    <subfield code="c">28 cm </subfield>
  </datafield>
  <datafield tag="520" ind1=" " ind2=" ">
    <subfield code="a">The companion book to the television series The Future is Wild! If dinosaurs roamed the earth millions of years ago, what creatures will be around in the next 5 million years? 100 million years? 200 million years? A team of international scientists, documentary film makers and animators are imagining the future based on present-day science. Their vision of the future comes alive in a 7-part television series and The Wild World of the Future, a fascinating introduction to evolution, geology and biology. It clearly explains how the amazing creatures of the future will evolve and what our planet may look like millions of years from now. The Wild World of the Future: Profiles 36 amazing creatures including the bumblebeetle, scrofa, poggle and sharkopath Explains how the Earth changes, how it may change in the future and what habitats will develop Describes past evolution and adaptation such as how the Cactus finch evolved on the Gal&#xE1;pagos Islands Shows future evolution in action-how a snail becomes a desert hopper Invites kids to imagine their own future with a behind-the-scenes look at the science of the show and tips for creating their own creatures Features 200 color photographs and illustrations, a glossary and index</subfield>
  </datafield>
  <datafield tag="650" ind1=" " ind2="0">
    <subfield code="a">Evolution (Biology)</subfield>
    <subfield code="x">Forecasting</subfield>
    <subfield code="v">Juvenile literature.</subfield>
  </datafield>
  <datafield tag="650" ind1=" " ind2="0">
    <subfield code="a">Animal diversity</subfield>
    <subfield code="x">Forecasting</subfield>
    <subfield code="v">Juvenile literature.</subfield>
  </datafield>
  <datafield tag="906" ind1=" " ind2=" ">
    <subfield code="a">7</subfield>
    <subfield code="b">cbc</subfield>
    <subfield code="c">copycat</subfield>
    <subfield code="d">2</subfield>
    <subfield code="e">ncip</subfield>
    <subfield code="f">20</subfield>
    <subfield code="g">y-gencatlg</subfield>
  </datafield>
  <datafield tag="942" ind1=" " ind2=" ">
    <subfield code="2">ddc</subfield>
    <subfield code="c">BK</subfield>
    <subfield code="n">0</subfield>
  </datafield>
  <datafield tag="999" ind1=" " ind2=" ">
    <subfield code="c">4191</subfield>
    <subfield code="d">4191</subfield>
  </datafield>
  <datafield tag="952" ind1=" " ind2=" ">
    <subfield code="0">0</subfield>
    <subfield code="1">0</subfield>
    <subfield code="2">ddc</subfield>
    <subfield code="4">0</subfield>
    <subfield code="7">0</subfield>
    <subfield code="8">NFIC</subfield>
    <subfield code="a">001</subfield>
    <subfield code="b">001</subfield>
    <subfield code="c">ATKSNF</subfield>
    <subfield code="d">2024-06-26</subfield>
    <subfield code="l">0</subfield>
    <subfield code="o">PYE 576.8 QH367.1 </subfield>
    <subfield code="p">2024-0882</subfield>
    <subfield code="r">2024-06-26 13:28:44</subfield>
    <subfield code="t">1</subfield>
    <subfield code="w">2024-06-26</subfield>
    <subfield code="y">BK</subfield>
  </datafield>
  <datafield tag="952" ind1=" " ind2=" ">
    <subfield code="0">0</subfield>
    <subfield code="1">0</subfield>
    <subfield code="2">ddc</subfield>
    <subfield code="4">0</subfield>
    <subfield code="7">0</subfield>
    <subfield code="8">NFIC</subfield>
    <subfield code="a">001</subfield>
    <subfield code="b">001</subfield>
    <subfield code="c">ATKSNF</subfield>
    <subfield code="d">2024-06-26</subfield>
    <subfield code="l">0</subfield>
    <subfield code="o">PYE 576.8 QH367.1 </subfield>
    <subfield code="p">2025-4264</subfield>
    <subfield code="r">2025-08-27 08:47:43</subfield>
    <subfield code="t">2</subfield>
    <subfield code="w">2024-06-26</subfield>
    <subfield code="y">BK</subfield>
  </datafield>
</record>
